[Event "MVP-ch Seniors op 19th"]
[Site "Ostseebad Binz"]
[Date "2019.12.03"]
[Round "7"]
[White "Peter, Volkhard"]
[Black "Tubis, Reiner"]
[Result "1/2-1/2"]
[WhiteElo "1728"]
[BlackElo "1887"]
[PlyCount "37"]
[EventDate "2019.11.27"]
[EventType "swiss"]
[EventRounds "9"]
[EventCountry "GER"]
[SourceTitle "EXT 2021"]
[Source "ChessBase"]
[SourceDate "2020.10.23"]
[SourceVersion "1"]
[SourceVersionDate "2020.10.23"]
[SourceQuality "1"]

1. e4 g6 2. d4 Bg7 3. Nc3 c5 4. Be3 Qa5 5. Qd2 d6 6. Nf3 Nd7 7. Bb5 a6 8. Bc4 e6 9. 0-0 b5 10. Be2 Ne7 11. Rfd1 0-0 12. Bh6 cxd4 13. Nd5 Qd8 14. Bxg7 Kxg7 15. Nxe7 Qxe7 16. Qxd4+ Nf6 17. e5 dxe5 18. Nxe5 Bb7 19. Ng4 1/2-1/2

[Event "MVP-ch Seniors op 19th"]
[Site "Ostseebad Binz"]
[Date "2019.12.01"]
[Round "5"]
[White "Barlo, Werner"]
[Black "Tubis, Reiner"]
[Result "1/2-1/2"]
[WhiteElo "1750"]
[BlackElo "1887"]
[PlyCount "73"]
[EventDate "2019.11.27"]
[EventType "swiss"]
[EventRounds "9"]
[EventCountry "GER"]
[SourceTitle "EXT 2021"]
[Source "ChessBase"]
[SourceDate "2020.10.23"]
[SourceVersion "1"]
[SourceVersionDate "2020.10.23"]
[SourceQuality "1"]

1. d4 d5 2. c4 Nc6 3. cxd5 Qxd5 4. e3 e5 5. Nc3 Bb4 6. Nge2 Nf6 7. Bd2 Qd6 8. a3 Bxc3 9. Bxc3 Ne4 10. dxe5 Qxd1+ 11. Rxd1 Nxc3 12. Nxc3 Nxe5 13. Be2 Be6 14. Nb5 Ke7 15. Nxc7 Rac8 16. Nxe6 fxe6 17. 0-0 Rc2 18. Rfe1 Rxb2 19. Rb1 Rxb1 20. Rxb1 b6 21. Rc1 Rd8 22. f4 Nf7 23. Rc7+ Rd7 24. Rc2 Nd6 25. Bf3 Nf5 26. Kf2 Rd3 27. Be4 Rxa3 28. Bxf5 exf5 29. Rc7+ Kd6 30. Rxg7 b5 31. Rxh7 b4 32. Rb7 a5 33. h4 Kc6 34. Rb8 Kc7 35. Rb5 Kc6 36. Rb8 Kc7 37. Rb5 1/2-1/2

[Event "Ruhrgebiet Verbandsbezirksliga Gr 1"]
[Site "Ruhrgebiet"]
[Date "2019.02.10"]
[Round "6.5"]
[White "Alakbarov, Aleksey"]
[Black "Tubis, Reiner"]
[Result "1/2-1/2"]
[WhiteElo "1691"]
[BlackElo "1687"]
[PlyCount "26"]
[EventDate "2018.09.30"]
[EventType "team-tourn"]
[EventRounds "9"]
[EventCountry "GER"]
[SourceTitle "EXT 2022"]
[Source "ChessBase"]
[SourceDate "2021.10.06"]
[SourceVersion "1"]
[SourceVersionDate "2021.10.06"]
[SourceQuality "1"]
[WhiteTeam "Hamm SV II"]
[BlackTeam "Kamen SV III"]
[WhiteTeamCountry "GER"]
[BlackTeamCountry "GER"]

1. e4 e5 2. Nf3 Nf6 3. Nc3 Nc6 4. Bc4 Bc5 5. d3 0-0 6. 0-0 h6 7. Be3 Bb6 8. a4 d6 9. h3 Be6 10. Nd5 Bxd5 11. Bxd5 Nxd5 12. exd5 Ne7 13. c4 c6 1/2-1/2

[Event "MVP-ch Seniors op 18th"]
[Site "Ostseebad Binz"]
[Date "2018.12.02"]
[Round "5"]
[White "Hubert, Berthold"]
[Black "Tubis, Reiner"]
[Result "1-0"]
[WhiteElo "2077"]
[BlackElo "1887"]
[PlyCount "45"]
[EventDate "2018.11.28"]
[EventType "swiss"]
[EventRounds "9"]
[EventCountry "GER"]
[SourceTitle "CBM 188 Extra"]
[Source "ChessBase"]
[SourceDate "2019.02.26"]
[SourceVersion "1"]
[SourceVersionDate "2019.02.26"]
[SourceQuality "1"]

1. d4 d5 2. c4 Nc6 3. Nf3 Bg4 4. e3 e5 5. dxe5 dxc4 6. Qa4 Bb4+ 7. Bd2 Bxd2+ 8. Nbxd2 Nge7 9. Bxc4 Bd7 10. Bxf7+ Kxf7 11. Ng5+ Ke8 12. e6 Bc8 13. Nf7 Qd5 14. Nxh8 Bxe6 15. Nf3 Qa5+ 16. Qxa5 Nxa5 17. Rd1 Nc4 18. b3 Nd6 19. Ng5 Bd7 20. Nxh7 Bf5 21. Ng5 Kf8 22. f3 Bd7 23. e4 1-0

[Event "MVP-ch Seniors op 18th"]
[Site "Ostseebad Binz"]
[Date "2018.11.29"]
[Round "2"]
[White "Tubis, Reiner"]
[Black "Tuertmann, Dieter"]
[Result "1/2-1/2"]
[WhiteElo "1887"]
[BlackElo "2012"]
[PlyCount "56"]
[EventDate "2018.11.28"]
[EventType "swiss"]
[EventRounds "9"]
[EventCountry "GER"]
[SourceTitle "CBM 188 Extra"]
[Source "ChessBase"]
[SourceDate "2019.02.26"]
[SourceVersion "1"]
[SourceVersionDate "2019.02.26"]
[SourceQuality "1"]

1. e4 e6 2. d4 b6 3. Nc3 Bb7 4. Bd3 d6 5. Nge2 Nd7 6. Ng3 a6 7. 0-0 c5 8. d5 Ngf6 9. Re1 Qc7 10. b3 h5 11. h4 Be7 12. dxe6 fxe6 13. Bc4 Nf8 14. a4 Rd8 15. Bf4 g6 16. Qe2 Ng4 17. Rad1 Bf6 18. Qd2 Ne5 19. Bxe5 dxe5 20. Qe2 Ra8 21. Rd3 Bc8 22. Red1 Bxh4 23. Qf3 Be7 24. Nd5 exd5 25. Bxd5 Be6 26. Bxa8 Bg4 27. Qe3 Bxd1 28. Rxd1 Ne6 1/2-1/2

[Event "Ruhrgebiet Verbandsbezirksliga Gr 1"]
[Site "Ruhrgebiet"]
[Date "2018.11.11"]
[Round "3.5"]
[White "Tubis, Reiner"]
[Black "Junker, Timo"]
[Result "1-0"]
[WhiteElo "1665"]
[BlackElo "1798"]
[PlyCount "65"]
[EventDate "2018.09.30"]
[EventType "team-tourn"]
[EventRounds "9"]
[EventCountry "GER"]
[SourceTitle "EXT 2022"]
[Source "ChessBase"]
[SourceDate "2021.10.06"]
[SourceVersion "1"]
[SourceVersionDate "2021.10.06"]
[SourceQuality "1"]
[WhiteTeam "Kamen SV III"]
[BlackTeam "Ahlen SV II"]
[WhiteTeamCountry "GER"]
[BlackTeamCountry "GER"]

1. e4 c5 2. Nf3 e6 3. d4 cxd4 4. Nxd4 a6 5. c4 Qc7 6. Nc3 Nf6 7. a3 b6 8. Be2 Bb7 9. f3 Bd6 10. g3 0-0 11. Be3 Nc6 12. Ndb5 axb5 13. Nxb5 Bxg3+ 14. hxg3 Qxg3+ 15. Bf2 Qe5 16. Qd2 d5 17. Bxb6 dxe4 18. Bc7 e3 19. Qc2 Nd4 20. Qd3 Nxf3+ 21. Bxf3 Qxb2 22. Bxb7 Qxa1+ 23. Ke2 Qb2+ 24. Kxe3 Ng4+ 25. Kf4 f5 26. Bf3 e5+ 27. Kg3 Qf2+ 28. Kh3 Rf6 29. Qd5+ Kf8 30. Bd6+ Rxd6 31. Qxd6+ Kg8 32. Qd5+ Kf8 33. Qxa8+ 1-0

[Event "Ruhrgebiet Verbandsbezirksliga Gr 1"]
[Site "Ruhrgebiet"]
[Date "2018.09.30"]
[Round "1.5"]
[White "Tubis, Reiner"]
[Black "Leisen, Peter"]
[Result "1/2-1/2"]
[WhiteElo "1665"]
[BlackElo "1690"]
[PlyCount "112"]
[EventDate "2018.09.30"]
[EventType "team-tourn"]
[EventRounds "9"]
[EventCountry "GER"]
[SourceTitle "EXT 2022"]
[Source "ChessBase"]
[SourceDate "2021.10.06"]
[SourceVersion "1"]
[SourceVersionDate "2021.10.06"]
[SourceQuality "1"]
[WhiteTeam "Kamen SV III"]
[BlackTeam "Boenen SV II"]
[WhiteTeamCountry "GER"]
[BlackTeamCountry "GER"]

1. e4 c5 2. Nf3 Nc6 3. d4 cxd4 4. Nxd4 g6 5. Nc3 Bg7 6. Be3 Nf6 7. Bc4 Qa5 8. 0-0 0-0 9. f3 Qb6 10. Nf5 Qxb2 11. Na4 Qb4 12. Nh6+ Bxh6 13. Bxh6 Qxc4 14. Bxf8 Kxf8 15. Nb2 Qd4+ 16. Qxd4 Nxd4 17. Rf2 d6 18. Rd1 Nc6 19. c3 Be6 20. Nd3 Rc8 21. h3 Na5 22. g4 Rxc3 23. g5 Nd7 24. Kh2 Nc6 25. f4 Nc5 26. Nxc5 Rxc5 27. Rd3 b5 28. h4 a5 29. Kg3 b4 30. h5 gxh5 31. f5 Bc4 32. Rd1 b3 33. axb3 Bxb3 34. Rh1 Bc2 35. Kf4 Ne5 36. Re2 Rc3 37. Rf1 Nd3+ 38. Kf3 Ne5+ 39. Kf4 a4 40. Rh2 a3 41. Rxh5 Rf3+ 42. Rxf3 Nxf3 43. Rxh7 Nd2 44. f6 e5+ 45. Kg4 Ke8 46. Rh8+ Kd7 47. g6 Nxe4 48. gxf7 Nxf6+ 49. Kh4 Nh7 50. Rxh7 Ke7 51. f8Q+ Kxf8 52. Ra7 d5 53. Kg5 e4 54. Kf6 Kg8 55. Rxa3 d4 56. Rg3+ Kf8 1/2-1/2

[Event "MVP-ch Seniors op 17th"]
[Site "Binz"]
[Date "2017.12.04"]
[Round "6.56"]
[White "Tubis, Reiner"]
[Black "Wenske, Hardy"]
[Result "1/2-1/2"]
[WhiteElo "1956"]
[BlackElo "1745"]
[PlyCount "24"]
[EventDate "2017.11.29"]
[EventType "swiss"]
[EventRounds "9"]
[EventCountry "GER"]
[SourceTitle "EXT 2019"]
[Source "ChessBase"]
[SourceDate "2018.10.10"]
[SourceVersion "1"]
[SourceVersionDate "2018.10.10"]
[SourceQuality "1"]

1. e4 c6 2. d4 d5 3. Nc3 dxe4 4. Nxe4 Nf6 5. Ng3 Bg4 6. Nf3 Bxf3 7. Qxf3 Qxd4 8. Bd3 Nbd7 9. Nf5 Qd5 10. Qxd5 Nxd5 11. Bd2 e6 12. Ng3 Nb4 1/2-1/2

[Event "Ruhrgebiet Bezirksliga 17/18"]
[Site "Ruhrgebiet"]
[Date "2017.09.17"]
[Round "2.3"]
[White "Tubis, Reiner"]
[Black "Meya, Carsten"]
[Result "1/2-1/2"]
[WhiteElo "1725"]
[BlackElo "1756"]
[PlyCount "39"]
[EventDate "2017.09.03"]
[EventType "team-tourn"]
[EventRounds "9"]
[EventCountry "GER"]
[SourceTitle "EXT 2022"]
[Source "ChessBase"]
[SourceDate "2021.10.06"]
[SourceVersion "1"]
[SourceVersionDate "2021.10.06"]
[SourceQuality "1"]
[WhiteTeam "Kamen SV IV"]
[BlackTeam "Werne SK"]
[WhiteTeamCountry "GER"]
[BlackTeamCountry "GER"]

1. e4 b6 2. d4 Bb7 3. Bd3 e6 4. Nf3 c5 5. Be3 Nf6 6. Nc3 cxd4 7. Nxd4 Bb4 8. f3 Bxc3+ 9. bxc3 0-0 10. 0-0 Nc6 11. Qd2 d5 12. Bg5 Nxd4 13. cxd4 dxe4 14. Bxe4 Nxe4 15. fxe4 f6 16. Bh4 Bxe4 17. c3 Qd5 18. Rac1 Rfd8 19. Rfe1 Rd7 20. Qe2 1/2-1/2

[Event "Ruhrgebiet Bezirksliga 17/18"]
[Site "Ruhrgebiet"]
[Date "2017.09.03"]
[Round "1.3"]
[White "Tubis, Reiner"]
[Black "Rotter, Christian"]
[Result "0-1"]
[WhiteElo "1725"]
[BlackElo "1636"]
[PlyCount "108"]
[EventDate "2017.09.03"]
[EventType "team-tourn"]
[EventRounds "9"]
[EventCountry "GER"]
[SourceTitle "EXT 2022"]
[Source "ChessBase"]
[SourceDate "2021.10.06"]
[SourceVersion "1"]
[SourceVersionDate "2021.10.06"]
[SourceQuality "1"]
[WhiteTeam "Kamen SV IV"]
[BlackTeam "Kamen SV III"]
[WhiteTeamCountry "GER"]
[BlackTeamCountry "GER"]

1. e4 c5 2. Nf3 Nc6 3. d4 cxd4 4. Nxd4 e5 5. Nb5 Nf6 6. N1c3 a6 7. Nd6+ Bxd6 8. Qxd6 Qe7 9. Qxe7+ Nxe7 10. Bc4 h6 11. a4 d6 12. 0-0 Be6 13. Bxe6 fxe6 14. Re1 Nc6 15. b3 Nd4 16. Ra2 Rc8 17. Bd2 0-0 18. f3 g5 19. Ne2 Nxc2 20. Rc1 Nd4 21. Nxd4 Rxc1+ 22. Bxc1 exd4 23. Rc2 Rd8 24. Rc7 Rd7 25. Rxd7 Nxd7 26. Ba3 Nc5 27. e5 Kf7 28. exd6 Nd7 29. Kf2 e5 30. Ke2 Ke6 31. g3 h5 32. g4 hxg4 33. fxg4 e4 34. h3 Kd5 35. Bb4 b6 36. Ba3 a5 37. b4 axb4 38. Bxb4 e3 39. Be1 Kxd6 40. h4 gxh4 41. Bxh4 Kd5 42. Bd8 Ke4 43. a5 bxa5 44. Bxa5 Ne5 45. g5 d3+ 46. Kd1 e2+ 47. Ke1 Nf3+ 48. Kf2 Nxg5 49. Bd2 Ne6 50. Be3 Kd5 51. Bh6 Kc4 52. Bd2 Kb3 53. Be3 Kc2 54. Ke1 Nd4 0-1

[Event "NRW Verbandsklasse Group3 1314"]
[Site "Nordrheinwestfalen"]
[Date "2014.04.06"]
[Round "9.8"]
[White "Strozewski, Guenter"]
[Black "Tubis, Reiner"]
[Result "1-0"]
[WhiteElo "1551"]
[BlackElo "1613"]
[PlyCount "85"]
[EventDate "2013.09.08"]
[EventType "team-tourn"]
[EventRounds "9"]
[EventCountry "GER"]
[SourceTitle "EXT 2020"]
[Source "ChessBase"]
[SourceDate "2019.10.17"]
[SourceVersion "1"]
[SourceVersionDate "2019.10.17"]
[SourceQuality "1"]
[WhiteTeam "Erkenschwick II"]
[BlackTeam "Kamen SV II"]
[WhiteTeamCountry "GER"]
[BlackTeamCountry "GER"]

1. e4 c5 2. Nf3 d6 3. c3 Nf6 4. d3 Nc6 5. Bg5 e6 6. Nbd2 Be7 7. d4 cxd4 8. cxd4 a6 9. Bd3 0-0 10. 0-0 b5 11. e5 dxe5 12. dxe5 Ng4 13. Bxe7 Qxe7 14. Be4 Bb7 15. Re1 Rfd8 16. a3 Qc5 17. Qe2 Qb6 18. h3 Ngxe5 19. Nxe5 Nxe5 20. Bxb7 Qxb7 21. Ne4 Nd3 22. Red1 Nxb2 23. Nf6+ gxf6 24. Qxb2 e5 25. Re1 Rac8 26. Re3 Rc4 27. Rg3+ Kf8 28. Qe2 Qe4 29. Qh5 Rc2 30. Qh6+ Ke7 31. Rf3 Rc6 32. Re3 Qg6 33. Qh4 Rc4 34. g4 h5 35. Rxe5+ Kf8 36. Rxh5 Rdd4 37. f3 Rd2 38. Rf5 Rcc2 39. Qh8+ Ke7 40. Re1+ Re2 41. Rxe2+ Rxe2 42. h4 Re3 43. h5 1-0